| 000 | 00450nam a2200181Ia 4500 | ||
|---|---|---|---|
| 001 | 5947 | ||
| 003 | IN-NITTTR | ||
| 005 | 20251114233014.0 | ||
| 008 | 251113s9999||||xx |||||||||||||| ||eng|| | ||
| 040 | _beng | ||
| 040 | _cIN-NITTTR | ||
| 041 | _aeng | ||
| 082 | _a153.35 G279C | ||
| 100 | _aGetzels, Jacob W. | ||
| 245 | 0 |
_aCreativity and intelligence / _cGetzels, Jacob W., Jackson, Philip W. |
|
| 700 | _a Jackson, Philip W. | ||
| 942 |
_2ddc _cBK |
||
| 999 |
_c8585 _d8585 |
||